Materiales de bioťica y derecho

Bibliographic Details
Other Authors: Casado, Mara̕ (ed. lit)
Format: Unknown
Language:Spanish
Published: Barcelona : Cedecs, 1996
Subjects:
Online Access:Acceso restringido

MARC

LEADER 00000ny a22000003n 4500
005 20110524125214.0
008 970428s1996 sp s 000 spa d
017 |a B39307-1996 
020 |a 8489171483 
035 |a 2363 
040 |a UCM.DER  |d vLex 
040 |a UMA.RE  |d vLex 
080 |a 17:573/577(460)(0.034) 
080 |a 573/577:17(460)(0.034) 
090 |c 218  |d 218 
245 0 0 |a Materiales de bioťica y derecho  |h [Recurso electrn̤ico]  |c edicin̤ a cargo de Mara̕ Casado 
256 |a Servicio en ln̕ea 
260 |a Barcelona :  |b Cedecs,  |c 1996 
300 |a 470 p. ;  |c 24 cm 
506 1 |a Contenido solo disponible en los productos indicados  |d vLex Global  |d vLex Global (Academic Edition, excluding Law Schools)  |d vLex Global (U.S. Academic Edition, Law Schools)  |d vLex Global (U.S. Academic Edition, excluding Law Schools)  |d vLex Global (Academic Edition, Law Schools) 
650 0 7 |2 Tesauro vLex  |a Bioťica 
650 0 7 |2 Tesauro vLex  |a Civil 
650 0 7 |2 Tesauro vLex  |a Derechos humanos 
650 0 7 |2 Tesauro vLex  |a Derecho a la vida 
700 1 |a Casado, Mara̕,  |e ed. lit 
740 0 |a vLex Libros (Servicios en ln̕ea) 
856 4 0 |z Acceso restringido  |u http://vlex.com/source/materiales-bioetica-derecho-2363 
942 |c BOOK 
999 0 |a Civil Law  |b Barcelona